Lugares con genio: los escritores y sus ciudades

Saved in:
Bibliographic Details
Main Author: Savater, Fernando (Author)
Format: Book
Language:Spanish
Published: Santiago Random House Mondadori 2013
Edition:1a. ed
Subjects:
Tags: Add Tag
No Tags, Be the first to tag this record!

MARC

LEADER 00000cam a2200000 a 4500
001 UCE9306
003 CL-VaPUC
008 151016e20130000cl |||||||||||||||||spa|d
020 |a 9789562623995 
082 0 4 |a 928  |b SAV  |2 21 
100 0 |a Savater, Fernando  |e author  |9 582114 
245 1 0 |a Lugares con genio: los escritores y sus ciudades 
250 |a 1a. ed 
300 |a 333 p 
942 |c BK 
945 |d 20151016 11:50:00  |a dcastane 
260 |a Santiago  |b Random House Mondadori  |c 2013 
650 0 |a Biografías  |9 255210 
650 0 |a Escritores españoles  |9 318145 
583 |a last modification  |c 20151016 11:50:00  |k Rodrigo Vera 
999 |c 360975  |d 360973